000 00718cam a22002417a 4500
001 2394
005 20250814144302.0
020 _a9780439519137
040 _aDLC
_cDLC
_beng
050 0 0 _aMLCM 2006/41694
082 _a609
100 1 _aBerger, Melvin
245 1 0 _aThink factory
_bamazing inventions /
_cby Melvin and Gilda Berger
250 _aFirst printing, January 2006
260 _bScholastic,
_c2006
_aNew York :
300 _a47 pages
_bColor illustrations
_c26 cm
505 _aW
520 _aPresents a look at recent inventions that changed the world.
521 _a880
_bLexile
521 _aW
_bRaz-Plus
906 _a7
_bcbc
_corignew
_d2
_encip
_f20
_gy-gencatlg
942 _2ddc
_cBK
_n0
999 _c2394
_d2394